| 000 | 01017cac a2200277 a 4500 | ||
|---|---|---|---|
| 003 | Co-PeBPM | ||
| 005 | 20250616150453.0 | ||
| 008 | 231129e1995||||xx a||||||||||||| ||spa|| | ||
| 020 | _a9586122188 | ||
| 040 | 0 |
_aCo-PeBPM _bspa _cCo-PeBPM _erda |
|
| 041 | _aspa | ||
| 082 | 0 | 4 |
_a498.2 T829d _222 |
| 100 | 1 | _aTrillos Amaya Maria | |
| 245 | 1 | 0 |
_aDeixis Tiempo y Espacio En Damana _b: El Proceso y Sus Circunstancias En Una Lengua De La Sierra Nevada de Santa Marta _c/ Maria Trillos |
| 260 |
_aColombia _b: Editorial Colcultura _c, 1995 |
||
| 300 |
_a138 Páginas _b:Ilustraciones Mapas, Tablas Informativas, Graficas. _c; 21 Centímetros |
||
| 490 | _aPremios Nacionales De Cultura 1994 | ||
| 500 | _aIncluye Índice, Presentación, | ||
| 504 | _aIncluye Bibliografía. | ||
| 650 | 1 | 4 |
_2LEMB _aDamana |
| 650 | 1 | 4 |
_2LEMB _aGramática |
| 650 | 1 | 4 |
_2LEMB _aIndígenas De La Sierra Nevada de Santa Marta (Colombia) |
| 650 | 1 | 4 |
_2LEMB _aLenguas |
| 650 | 1 | 4 |
_2LEMB _aLingüística Antropológica |
| 942 |
_2ddc _cBK |
||
| 999 |
_c8879 _d8879 |
||